书目信息 |
| 题名: |
大学英语四、六级作文概论
|
|
| 作者: | 周力 , 陈葆 , 李鹰 主编 | |
| 分册: | ||
| 出版信息: | 广州 广东高等教育出版社 2005.06 |
|
| 页数: | 147页 | |
| 开本: | 26cm | |
| 丛书名: | 大学英语四、六级备考丛书 | |
| 单 册: | ||
| 中图分类: | H319.6 | |
| 科图分类: | ||
| 主题词: | 英语--ying yu--写作--高等学校--水平考试--教学参考资料 | |
| 电子资源: | ||
| ISBN: | 7-5361-2673-5 | |
| 000 | 01065nam 2200277 450 | |
| 001 | 012006720298 | |
| 005 | 20060925102218.06 | |
| 010 | @a7-5361-2673-5@dCNY12.80 | |
| 100 | @a20060710d2005 km y0chiy0120 ea | |
| 101 | 0 | @achi@aeng |
| 102 | @aCN@b440000 | |
| 105 | @ay a 000yy | |
| 200 | 1 | @a大学英语四、六级作文概论@Ada xue ying yu si、liu ji zuo wen gai lun@f周力, 陈葆, 李鹰主编@Fzhou li,chen bao,li ying zhu bian |
| 210 | @a广州@c广东高等教育出版社@d2005.06 | |
| 215 | @a147页@d26cm | |
| 225 | 2 | @a大学英语四、六级备考丛书@Ada xue ying yu si、liu ji bei kao cong shu |
| 320 | @a有书目 | |
| 330 | @a本书针对中国学生的写作难点,分八个专题集中阐释,既是一本学习写作的入门书,也是一本包含读译理论、语法知识、中英文对照,可供学习时随时查阅的工具书。 | |
| 410 | 0 | @12001 @a大学英语四、六级备考丛书 |
| 606 | 0 | @a英语@Aying yu@x写作@x高等学校@x水平考试@j教学参考资料 |
| 690 | @aH319.6@v4 | |
| 701 | 0 | @a周力@Azhou li@4主编 |
| 701 | 0 | @a陈葆@Achen bao@4主编 |
| 701 | 0 | @a李鹰@Ali ying@4主编 |
| 801 | 0 | @aCN@c20060925 |
| 905 | @apdsgxy@dH319.6@eZ773 | |
| 大学英语四、六级作文概论/周力, 陈葆, 李鹰主编.-广州:广东高等教育出版社,2005.06 |
| 147页;26cm.-(大学英语四、六级备考丛书) |
| ISBN 7-5361-2673-5:CNY12.80 |
| 本书针对中国学生的写作难点,分八个专题集中阐释,既是一本学习写作的入门书,也是一本包含读译理论、语法知识、中英文对照,可供学习时随时查阅的工具书。 |
| ● |
| 相关链接 |
|
|
|
正题名:大学英语四、六级作文概论
索取号:H319.6/Z773
 
预约/预借
| 序号 | 登录号 | 条形码 | 馆藏地/架位号 | 状态 | 备注 |
| 1 | 595391 | 205953912 | 语言库209/209语言库 58排3列4层/ [索取号:H319.6/Z773] | 在馆 | |
| 2 | 595392 | 205953921 | 语言库209/ [索取号:H319.6/Z773] | 在馆 | |
| 3 | 595393 | 205953930 | 语言库209/209语言库 58排3列4层/ [索取号:H319.6/Z773] | 在馆 |